Identifying optimal communication mix for strategic destination image formation: a case study of Austria (Record no. 311464)
[ view plain ]
| 000 -LEADER | |
|---|---|
| fixed length control field | 00675nam a2200145Ia 4500 |
| 008 - FIXED-LENGTH DATA ELEMENTS--GENERAL INFORMATION | |
| fixed length control field | 170221s9999 xx 000 0 und d |
| 100 ## - MAIN ENTRY--PERSONAL NAME | |
| Personal name | Lisa Marie Assante |
| 245 ## - TITLE STATEMENT | |
| Title | Identifying optimal communication mix for strategic destination image formation: a case study of Austria |
| 245 ## - TITLE STATEMENT | |
| Statement of responsibility, etc | Lisa Marie Assante, Southern Utah University; Sophitmanee Sukalakamala, Southern Utah University; Hsing Ivan Wen, University of Hawaii at Manoa; Dorothy A. Knudson; Henderson Hospitality Management, Inc |
| 260 ## - PUBLICATION, DISTRIBUTION, ETC. (IMPRINT) | |
| Name of publisher, distributor, etc | Journal of Management and Marketing Research |
| 260 ## - PUBLICATION, DISTRIBUTION, ETC. (IMPRINT) | |
| Date of publication, distribution, etc | 2016 |
| 300 ## - PHYSICAL DESCRIPTION | |
| Extent | 14 : 1 |
| 650 ## - SUBJECT ADDED ENTRY--TOPICAL TERM | |
| General subdivision | Business |
| 856 ## - ELECTRONIC LOCATION AND ACCESS | |
| Uniform Resource Identifier | <a href="http://www.aabri.com/manuscripts/131535.pdf">http://www.aabri.com/manuscripts/131535.pdf</a> |
| Withdrawn status | Lost status | Damaged status | Home library | Current library | Date acquired | Total Checkouts | Date last seen | Price effective from | Koha item type |
|---|---|---|---|---|---|---|---|---|---|
| College Library | College Library | 02/21/2017 | 02/21/2017 | 02/21/2017 | Foreign e-journal articles |